El deporte como actividad anm̤ica Una investigacin̤ criminolg̤ica sobre la infraccin̤ de las normas en competiciones deportivas /

Bibliographic Details
Main Author: Teijn̤ Alcal,̀ Marco
Format: eBook
Language:Spanish
Published: Barcelona: J.M. Bosch Editor, 2021
Subjects:
Online Access:Acceso restringido

MARC

LEADER 00000nam a22000007a 4500
005 20220509232133.0
007 cr|||| |||
008 220509s2021 es |||||s|||| 00||0 spa d
020 |a J.M. Bosch Editor, 2021 
035 |a 35611 
040 |a vLex 
090 |c 13303  |d 13303 
100 1 |a Teijn̤ Alcal,̀ Marco 
245 1 2 |a El deporte como actividad anm̤ica  |h [Recurso electrn̤ico] :  |b Una investigacin̤ criminolg̤ica sobre la infraccin̤ de las normas en competiciones deportivas /  |c Marco Teijn̤ Alcal̀ 
256 |a Servicio en ln̕ea 
260 |a Barcelona:  |b J.M. Bosch Editor,  |c 2021 
300 |a 1 recurso electrn̤ico 
500 |a La Criminologa̕ es una ciencia relativamente joven que ha sido tradicionalmente aplicada al estudio cientf̕ico del delito. En la presente monografa̕ se aplica el conocimiento criminolg̤ico al estudio de ciertas infracciones que son habituales en el contexto de la actividad deportiva. A tal fin se parte del marco ter̤ico que proporcionan las teora̕s de la anomia y la frustracin̤, cuyas propuestas han resultado prometedoras en la explicacin̤ del delito y de otras conductas desviadas. El třmino ±anomia» se ha identificado generalmente con ±ausencia de normas». Sin embargo, se trata de un concepto con una larga tradicin̤ que antecede incluso al propio Durkheim. En este trabajo nos aproximamos en mayor medida a la propuesta de Merton, segn︢ el cual, una sociedad o esfera de la actividad social anm̤ica es caracters̕tica de culturas que conceden un desmedido ňfasis a los resultados/x̌ito con independencia de –la licitud de– los medios empleados. Esta situacin̤ de anomia se percibe en ocasiones en el m̀bito de la competicin̤ deportiva cuando se premia la victoria/triunfo, a pesar del incumplimiento de las reglas del juego. Bajo este paraguas ter̤ico, la presente investigacin̤ trata de identificar analt̕icamente las posibles causas y mecanismos causales que llevan a los deportistas a la infraccin̤ de los reglamentos deportivos. Para ello, se han seguido estrategias analt̕icas rigurosas y especf̕icamente ajustadas a los diferentes procesos causales descritos por la teora̕, a la naturaleza de las hipt̤esis planteadas y a la distribucin̤ de nuestras variables de interš. Para ello, hemos empleado herramientas estads̕ticas modernas y sofisticadas tales como los anl̀isis de regresin̤ lineal y binomial negativa, modelos de ecuaciones estructurales, anl̀isis factorial (exploratorio y confirmatorio) o tčnicas de remuestreo bootstrap, entre otras. El presente estudio ofrece pruebas empr̕icas favorables a las teora̕s de la anomia/frustracin̤ en su aplicacin̤ al m̀bito del deporte. En consecuencia, se puede concluir que la Criminologa̕ y, ms̀ concretamente, las aproximaciones ter̤icas mencionadas, constituyen un marco ter̤ico p̤timo y plausible para la explicacin̤ de ciertas conductas ilc̕itas que se producen con mayor frecuencia en el devenir de la competicin̤ deportiva. 
506 1 |a Disponible solo en los productos indicados  |d vLex Global  |d vLex Global (Academic Edition, excluding Law Schools)  |d vLex Global (U.S. Academic Edition, Law Schools)  |d vLex Global (U.S. Academic Edition, excluding Law Schools)  |d vLex Global (Academic Edition, Law Schools) 
650 0 4 |a Deporte  |z Espaą 
650 0 4 |a Deportes  |z Espaą 
740 0 |a vLex Libros (Servicio en ln̕ea) 
856 4 0 |u https://app.vlex.com/#/sources/35611  |z Acceso restringido 
942 |c BOOK 
999 0 |a Sport 
999 0 |a Sports